The Weeknd - Chansons commençants par H - Statistiques

Statistiques générales
  • Ce quiz a été pris 7 fois
  • Le résultat moyen est 3 sur 10
Statistiques - réponses
H % Correct
Heartless
67%
House of Balloons / Glass Table Girls
50%
The Hills
50%
Hardest to Love
33%
Hurry Up Tomorrow
33%
High for This
17%
Heaven or Las Vegas
0%
Here We Go...Again (feat. Tyler, the Creator)
0%
How Do I Make You Love Me?
0%
Hurt You (feat. Gesaffelstein)
0%
Aucun quiz correspondant
Distribution des résultats
% des personnes avec chaque résultat
Percentile par nombre de réponses
Votre historique - résultats
Vous n’avez pas pris ce quiz